| 000 | 01208cam a2200337 i 4500 | ||
|---|---|---|---|
| 001 | 24666 | ||
| 003 | Mx-PuUPA | ||
| 005 | 20251003120202.0 | ||
| 008 | 140415s2004 pe a gr 000 0 spa d | ||
| 020 | _a9972511146 | ||
| 040 |
_cMx-PuUPA _aMx-PuUPA _bspa _dMx-PuUPA _erda |
||
| 041 | 0 | _aspa | |
| 043 | _acl----- | ||
| 245 | 0 | 0 |
_aGlobalización y diversidad cultural : _buna mirada desde América Latina / _ccompiladores, Ramón Pajuelo, Pablo Sandoval |
| 250 |
_aPrimera edición / _bnoviembre |
||
| 264 | 1 |
_aLima, Perú : _bIEP Ediciones, _c2004 |
|
| 300 |
_a464 páginas : _bilustraciones ; _c21 cm |
||
| 336 |
_2rdacontent _atexto _btxt |
||
| 337 |
_2rdamedia _asin medio _bn |
||
| 338 |
_2rdacarrier _avolumen _bnc |
||
| 490 | 0 |
_aLecturas Contemporáneas ; _v2 |
|
| 650 | 7 |
_2armarc _aGlobalización _zAmérica Latina |
|
| 650 | 7 |
_2armarc _aCultura y globalización _zAmérica Latina |
|
| 650 | 7 |
_2armarc _aPlurolisma cultural _zAmérica Latina |
|
| 651 | 4 |
_aAmérica Latina _xCondiciones sociales _y1982 |
|
| 700 | 1 |
_aCalderón, Fernando, _ecompilador |
|
| 700 | 1 |
_aSandoval, Pablo, _ecompilador |
|
| 942 |
_2ddc _cLI _h338.98 _iG56 |
||
| 999 |
_c24666 _d24666 |
||